000 00448nam a2200121Ia 4500
008 220615s9999||||xx |||||||||||||| ||und||
245 0 _aMigrants and Expats: The Swiss Migration and Mobility Nexus
546 _aEnglish[eng]
650 _aSocial sciences||Emigration and immigration||Population||Sociology
700 _aSteiner, Ilka||Wanner, Philippe
856 _uhttps://library.oapen.org/bitstream/20.500.12657/23046/1/1007115.pdf
942 _cEB
999 _c18395
_d18395